- Benda, Wladyslaw T.
Entry Personal Name
001 - CONTROL NUMBER
- control field: 153637
003 - CONTROL NUMBER IDENTIFIER
- control field: DLC
005 - DATE AND TIME OF LATEST TRANSACTION
- control field: 20260414093815.0
008 - FIXED-LENGTH DATA ELEMENTS
- fixed length control field: 840511n| azannaabn |a aaa
010 ## - LIBRARY OF CONGRESS CONTROL NUMBER
- LC control number: n 84028041
- Canceled/invalid LC control number: n 97874051
035 ## - SYSTEM CONTROL NUMBER
- System control number: (OCoLC)oca01121305
040 ## - CATALOGING SOURCE
- Original cataloging agency: DLC
- Language of cataloging: eng
- Transcribing agency: DLC
- Modifying agency: DLC
- Description conventions: rda
- Modifying agency: ICU
046 ## - SPECIAL CODED DATES
- Birth date: 1873-01-15
- Death date: 1948-11-30
- Source of date scheme: edtf
100 1# - HEADING--PERSONAL NAME
- Personal name: Benda, Wladyslaw T.
- Fuller form of name: (Wladyslaw Theodore),
- Dates associated with a name: 1873-1948
368 ## - OTHER ATTRIBUTES OF PERSON OR CORPORATE BODY
- Other designation: Polish Americans
- Source: lcsh
370 ## - ASSOCIATED PLACE
- Place of birth: Poznań (Poland)
- Place of death: Newark (N.J.)
- Source of term: naf
370 ## - ASSOCIATED PLACE
- Associated country: United States
- Start period: 1899
- End period: 1948
- Source of term: naf
374 ## - OCCUPATION
- Occupation: Graphic artists
- Occupation: Illustrators
- Occupation: Painters
- Occupation: Mask makers
- Occupation: Designers
- Source of term: lcsh
375 ## - GENDER
- Gender: Males
- Source of term: lcdgt
400 1# - SEE FROM TRACING--PERSONAL NAME
- Control subfield: nnaa
- Personal name: Benda, Wladyslaw Theodore,
- Dates associated with a name: 1873-1948
400 1# - SEE FROM TRACING--PERSONAL NAME
- Personal name: Benda, W.
- Fuller form of name: (Wladyslaw Theodore),
- Dates associated with a name: 1873-1948
400 1# - SEE FROM TRACING--PERSONAL NAME
- Personal name: Benda, W. T.
- Fuller form of name: (Wladyslaw Theodore),
- Dates associated with a name: 1873-1948
400 1# - SEE FROM TRACING--PERSONAL NAME
- Personal name: Benda, Władysław Teodor,
- Dates associated with a name: 1873-1948
670 ## - SOURCE DATA FOUND
- Source citation: Stratton-Porter, G. A girl of the Limberlost, 1984:
- Information found: CIP t.p. (Wladyslaw T. Benda)
670 ## - SOURCE DATA FOUND
- Source citation: LC data base, 5-9-84
- Information found: (hdg.: Benda, Wladyslaw Theodore, 1873- ; usage: W. Benda)
670 ## - SOURCE DATA FOUND
- Source citation: Cather, Willa, 1873-1947. My Ántonia:
- Information found: CIP t.p. (with illustrations by W. T. Benda)
670 ## - SOURCE DATA FOUND
- Source citation: Wikipedia search 2014-12-18:
- Information found: ("Władysław Teodor "W.T." Benda (January 15, 1873, Poznań, Poland (Posen, German Empire) - November 30, 1948, Newark, New Jersey, United States) was a Polish-American painter, illustrator, and designer. The son of musician Jan Szymon Benda, and a nephew of the actress Helena Modrzejewska (known in the United States as Helena Modjeska) . . . He came to the United States at the very end of the 19th century . . . and became a naturalized American in 1911")
670 ## - SOURCE DATA FOUND
- Source citation: Ask/Art Academic; http://www.askart.com/AskART/artists/biography.aspx?searchtype=BIO&artist=23140 (searched 2014-12-18:
- Information found: ("Wladslaw Theodor Benda is an illustrator remembered today primarily for his beautiful theatrical masks. . . . . Altogether, Benda was a painter, muralist, lithographer, set designer, mask maker, woodcarver, author and playwright. Benda illustrated during the "Golden Era" of American Illustration, which ran from approximately 1880-1940. Benda died on November 30, 1948, at the age of 75")
670 ## - SOURCE DATA FOUND
- Source citation: NBLA Theatre arts. Oct 1920, p 275-278.
670 ## - SOURCE DATA FOUND
- Source citation: Data contributed by the Dance Heritage Coalition for the New York Public Library Dance Collection.
670 ## - SOURCE DATA FOUND
- Source citation: NYPL Dict. Cat. of the Dance Coll., 1974-



